আশুরা ও কারবালা বিষয়ক প্রশ্নোত্তর / (Record no. 29836)

MARC details
000 -LEADER
fixed length control field 01027nam a22002057a 4500
003 - CONTROL NUMBER IDENTIFIER
control field BDDh-ASL
005 - DATE AND TIME OF LATEST TRANSACTION
control field 20231015031057.0
008 - FIXED-LENGTH DATA ELEMENTS--GENERAL INFORMATION
fixed length control field 221222s2016 ir ||||| |||| 00| 0 b d
040 ## - CATALOGING SOURCE
Transcribing agency BDDh-ASL
041 ## - LANGUAGE CODE
Language code of text/sound track or separate title ben
082 ## - DEWEY DECIMAL CLASSIFICATION NUMBER
Classification number 297
Item number ASH
245 00 - TITLE STATEMENT
Title আশুরা ও কারবালা বিষয়ক প্রশ্নোত্তর /
Statement of responsibility, etc. আবদুল্লাহ ও অন্যান্য (অনুবাদক);
246 ## - VARYING FORM OF TITLE
Title proper/short title Ashura O Karbala Bishayak Prosnottor.
260 ## - PUBLICATION, DISTRIBUTION, ETC.
Place of publication, distribution, etc. ইরান:
Name of publisher, distributor, etc. আহলে বাইত (আ.) বিশ্ব সংস্থা ও বাংলাদেশ ইসলামী সাংস্কৃতিক পরিষদ,
Date of publication, distribution, etc. ২০১৬।
300 ## - PHYSICAL DESCRIPTION
Extent ৩৩৪ পৃষ্ঠা:
Dimensions ২২ সে.মি.
650 #0 - SUBJECT ADDED ENTRY--TOPICAL TERM
Topical term or geographic name entry element Ashura (আশুরা)
9 (RLIN) 6856
650 #0 - SUBJECT ADDED ENTRY--TOPICAL TERM
Topical term or geographic name entry element ইসলাম ধর্ম (Islamic Religion)
9 (RLIN) 6085
General subdivision Karbala (কারবালা)
700 ## - ADDED ENTRY--PERSONAL NAME
Personal name কবীর, এ. কে. এম. আনােয়ারুল
9 (RLIN) 801
942 ## - ADDED ENTRY ELEMENTS (KOHA)
Source of classification or shelving scheme Dewey Decimal Classification
Koha item type Books
Holdings
Withdrawn status Lost status Source of classification or shelving scheme Damaged status Not for loan Collection code Home library Current library Shelving location Date acquired Source of acquisition Total Checkouts Full call number Barcode Date last seen Copy number Price effective from Koha item type
    Dewey Decimal Classification     Non-fiction Asiatic Society Library Asiatic Society Library General Stacks 12/22/2022 Complementary   297 ASH 118125 12/22/2022 C-1 12/22/2022 Books

Powered by Koha